Návrh zlepšenia systému získavania a stabilizácie zamestnancov v podniku IMET-AKE s.r.o.

Uložené v:
Podrobná bibliografia
Hlavný autor: Poličková, Katarína (Autor)
Ďalší autori: Horváthová, Martina (Vedúci práce)
Médium: Rukopis Kniha
Jazyk:Slovak
Vydavateľské údaje: 2020
Predmet:
On-line prístup:http://is.stuba.sk/zp/portal_zp.pl?podrobnosti=157925
Tagy: Pridať tag
Žiadne tagy, Buďte prvý, kto otaguje tento záznam!

MARC

LEADER 00000ntm a22000003a 4500
001 stuzp78977
003 SK-STU
005 20200704212421.0
007 ta
008 150427s2015----xo-----f-mn---000-0-slo-d
040 |a STU  |b slo 
041 0 |a slo 
100 1 |a Poličková, Katarína  |u 064000  |k Z4  |4 aut  |U MTF Materiálovotechnologická fakulta  |T MTF Ústav priemyselného inžinierstva a manažmentu  |X 73550  |U M4000  |Y 84  |7 73550 
242 0 1 |a The proposal to improve the system of acquisition and stabilization of employees in the selected industrial enterprise IMET-AKE, s.r.o.  |y eng 
245 1 0 |a Návrh zlepšenia systému získavania a stabilizácie zamestnancov v podniku IMET-AKE s.r.o. 
260 |c 2020 
650 4 |a získavanie zamestnancov  |2 slo 
650 4 |a stabilizácia zamestnancov  |2 slo 
650 4 |a fluktuácia zamestnancov  |2 slo 
650 4 |a staff stabilization  |2 eng 
650 4 |a staff turnover  |2 eng 
650 4 |a recruitment  |2 eng 
700 1 |a Horváthová, Martina  |u 064000  |k Z1  |4 ths  |U MTF Materiálovotechnologická fakulta  |T MTF Ústav priemyselného inžinierstva a manažmentu  |X 1507  |U M4000  |Y 84  |7 A000001507 
856 4 |u http://is.stuba.sk/zp/portal_zp.pl?podrobnosti=157925 
996 |c M* DP-14395  |l MMSKP  |s P  |a 0  |w stuzp78977_0001